| 000 | 00941nam a2200241 i 4500 | ||
|---|---|---|---|
| 001 | bg | ||
| 100 | 1 | _aSTALLINGS, William | |
| 245 | 1 | 0 |
_aOchrona danych w sieci i intersieci / _cWilliam Stallings ; z ang. przeł. Katarzyna Kulpa, Robert Krzysztof Maron. |
| 246 |
_iTyt. oryg.: _aNetwork and internetwork security : principles and practice |
||
| 260 |
_aWarszawa : _bWydawnictwa Naukowo-Techniczne, _c1997. |
||
| 300 |
_a473, [1] s. : _brys., wykr. ; _c24 cm. |
||
| 500 | _aOryg. :" Network and internetwork security : principles and practice". 1994. | ||
| 504 | _aBibliogr. s. 463-470. - Indeks. | ||
| 650 | 9 |
_aSieć komputerowa _xochrona |
|
| 020 | _a8320421845 | ||
| 040 | _cBPK | ||
| 041 | 1 |
_apl _hen |
|
| 080 | _a004.7:004.056 | ||
| 920 | _a83-204-2184-5 | ||
| 942 | _cKS | ||
| 008 | s pl f |000 0 pol | ||
| 856 |
_uhttp://koha.tu.koszalin.pl/cgi-bin/koha/opac-detail.pl?biblionumber=36999 _yKatalog online BPK |
||
| 999 |
_c36999 _d36999 |
||